[Event "Helsingor Xtracon op"]
[Site "Helsingor"]
[Date "2019.07.26"]
[Round "8"]
[White "Jarlskov, Daniel Tuk Hartso"]
[Black "Hyldkrog, Lars"]
[Result "1/2-1/2"]
[WhiteElo "1716"]
[BlackElo "1932"]
[PlyCount "41"]
[EventDate "2019.07.20"]
[EventType "swiss"]
[EventRounds "10"]
[EventCountry "DEN"]
[SourceTitle "CBM 191 Extra"]
[Source "ChessBase"]
[SourceDate "2019.09.30"]
[SourceVersion "1"]
[SourceVersionDate "2019.09.30"]
[SourceQuality "1"]

1. d4 Nf6 2. c4 e6 3. Nf3 d5 4. g3 Bb4+ 5. Nbd2 0-0 6. Bg2 Ne4 7. 0-0 Nxd2 8. Bxd2 Be7 9. Qc2 Nd7 10. Rac1 c6 11. Bf4 Nf6 12. a3 a5 13. c5 a4 14. b4 axb3 15. Qxb3 Ne4 16. Nd2 e5 17. Nxe4 exf4 18. Nc3 fxg3 19. hxg3 Qa5 20. Ra1 Bf6 21. e3 1/2-1/2

[Event "Helsingor Xtracon op"]
[Site "Helsingor"]
[Date "2019.07.25"]
[Round "7"]
[White "Hyldkrog, Lars"]
[Black "Henriksen, Morgan"]
[Result "1-0"]
[WhiteElo "1932"]
[BlackElo "1683"]
[PlyCount "53"]
[EventDate "2019.07.20"]
[EventType "swiss"]
[EventRounds "10"]
[EventCountry "DEN"]
[SourceTitle "CBM 191 Extra"]
[Source "ChessBase"]
[SourceDate "2019.09.30"]
[SourceVersion "1"]
[SourceVersionDate "2019.09.30"]
[SourceQuality "1"]

1. e4 c5 2. Nf3 d6 3. d4 cxd4 4. Nxd4 Nf6 5. Nc3 a6 6. Bg5 e6 7. f4 Be7 8. Qf3 Qc7 9. 0-0-0 Nbd7 10. g4 b5 11. Bxf6 Nxf6 12. g5 Nd7 13. f5 Nc5 14. f6 gxf6 15. gxf6 Bf8 16. Bd3 Bb7 17. Rhg1 h5 18. Kb1 0-0-0 19. a3 d5 20. exd5 Nxd3 21. Rxd3 Qb6 22. Nde2 exd5 23. Nxd5 Qe6 24. Nef4 Qe5 25. Qd1 Bh6 26. Re1 Qb8 27. Rc3+ 1-0

[Event "Helsingor Xtracon op"]
[Site "Helsingor"]
[Date "2019.07.24"]
[Round "6"]
[White "Olsen, Karsten Kierkegaard"]
[Black "Hyldkrog, Lars"]
[Result "1/2-1/2"]
[WhiteElo "1670"]
[BlackElo "1932"]
[PlyCount "68"]
[EventDate "2019.07.20"]
[EventType "swiss"]
[EventRounds "10"]
[EventCountry "DEN"]
[SourceTitle "CBM 191 Extra"]
[Source "ChessBase"]
[SourceDate "2019.09.30"]
[SourceVersion "1"]
[SourceVersionDate "2019.09.30"]
[SourceQuality "1"]

1. e4 e6 2. b3 d5 3. exd5 exd5 4. Bb2 Nf6 5. Nf3 Bg4 6. Be2 Bd6 7. 0-0 0-0 8. Re1 c5 9. d3 Nc6 10. Nbd2 b5 11. c4 bxc4 12. dxc4 d4 13. Bd3 Qc7 14. h3 Bh5 15. Ne4 Nxe4 16. Bxe4 Rae8 17. Qd3 Bg6 18. Bxg6 fxg6 19. Rxe8 Rxe8 20. Re1 Rxe1+ 21. Nxe1 Qe7 22. Kf1 Nb4 23. Qe2 Qxe2+ 24. Kxe2 Nxa2 25. Nd3 a5 26. Ba3 Nb4 27. Bxb4 axb4 28. Kf3 Kf7 29. Ke4 Ke6 30. f4 h6 31. g4 Be7 32. g5 Kd6 33. h4 Ke6 34. Ne5 Bd6 1/2-1/2

[Event "Helsingor Xtracon op"]
[Site "Helsingor"]
[Date "2019.07.23"]
[Round "5"]
[White "Hyldkrog, Lars"]
[Black "Christiansen, Torsten Sundgaar"]
[Result "0-1"]
[WhiteElo "1932"]
[BlackElo "1742"]
[PlyCount "146"]
[EventDate "2019.07.20"]
[EventType "swiss"]
[EventRounds "10"]
[EventCountry "DEN"]
[SourceTitle "CBM 191 Extra"]
[Source "ChessBase"]
[SourceDate "2019.09.30"]
[SourceVersion "1"]
[SourceVersionDate "2019.09.30"]
[SourceQuality "1"]

1. e4 g6 2. d4 Nf6 3. e5 Nh5 4. g4 Ng7 5. h3 h5 6. Bg2 d6 7. exd6 Qxd6 8. Nc3 hxg4 9. h4 Nc6 10. Nge2 Nf5 11. Bf4 e5 12. Bxc6+ Qxc6 13. d5 Qd6 14. Bg3 Nxg3 15. Nxg3 f5 16. Qe2 Bd7 17. 0-0-0 0-0-0 18. Kb1 Bg7 19. h5 e4 20. hxg6 Qxg6 21. Rxh8 Rxh8 22. Qe3 Kb8 23. Nce2 Qf6 24. c3 Rh3 25. Qc5 b6 26. Qc4 Qd6 27. Nd4 Bxd4 28. Qxd4 e3 29. Ne2 exf2 30. Qxf2 Rh2 31. Qe3 g3 32. Nf4 Rf2 33. Rd4 Qh6 34. Ng2 Qxe3 35. Nxe3 g2 36. Rd1 f4 37. Nxg2 Rxg2 38. Rf1 Bf5+ 39. Kc1 Rc2+ 40. Kd1 Rxb2 41. Rxf4 Bd3 42. Rd4 Bg6 43. a4 Kb7 44. d6 cxd6 45. Rxd6 Bh5+ 46. Ke1 Rc2 47. Rd3 Kc6 48. Rh3 Bg4 49. Rg3 Bf5 50. Rf3 Be4 51. Rf7 a5 52. Re7 Bd5 53. Re3 Kc5 54. Kd1 Bb3 55. Re5+ Kd6 56. Rb5 Bxa4 57. Rxb6+ Kc5 58. Ra6 Rxc3+ 59. Kd2 Rc2+ 60. Kd3 Kb5 61. Ra8 Rc6 62. Rb8+ Kc5 63. Ra8 Bb5+ 64. Kc3 a4 65. Kb2 Kb4 66. Ra7 Rf6 67. Rh7 Rf2+ 68. Ka1 Kc4 69. Rc7+ Kd4 70. Rb7 Bc4 71. Rb4 Kc3 72. Rb8 a3 73. Rb1 Ra2# 0-1

[Event "Helsingor Xtracon op"]
[Site "Helsingor"]
[Date "2019.07.21"]
[Round "2"]
[White "Weersing, Abigail Riis"]
[Black "Hyldkrog, Lars"]
[Result "1/2-1/2"]
[WhiteElo "1709"]
[BlackElo "1932"]
[PlyCount "98"]
[EventDate "2019.07.20"]
[EventType "swiss"]
[EventRounds "10"]
[EventCountry "DEN"]
[SourceTitle "CBM 191 Extra"]
[Source "ChessBase"]
[SourceDate "2019.09.30"]
[SourceVersion "1"]
[SourceVersionDate "2019.09.30"]
[SourceQuality "1"]

1. d4 Nf6 2. c4 e6 3. Nf3 d5 4. g3 Bb4+ 5. Nbd2 0-0 6. Bg2 c5 7. 0-0 Nc6 8. a3 Bxd2 9. Qxd2 dxc4 10. dxc5 Qe7 11. Qc3 Qxc5 12. Be3 Qb5 13. Nd4 Nxd4 14. Bxd4 Qf5 15. Bxf6 Qxf6 16. Qxf6 gxf6 17. Rac1 Rd8 18. Rfd1 Rxd1+ 19. Rxd1 Kf8 20. Rd4 Rb8 21. Rxc4 Bd7 22. Rd4 Bc6 23. Bxc6 bxc6 24. b4 a5 25. bxa5 Ra8 26. a4 Rxa5 27. Kf1 Rh5 28. h4 Rc5 29. Ke1 e5 30. Rb4 Ke7 31. Kd2 Ke6 32. Kd3 f5 33. f3 Kd5 34. e4+ fxe4+ 35. fxe4+ Kd6 36. Rc4 Ra5 37. g4 h6 38. Kc3 Ra8 39. Kb4 Rg8 40. a5 Rxg4 41. a6 Rg1 42. Rc3 Ra1 43. Rd3+ Kc7 44. Rf3 Rxa6 45. Rxf7+ Kb6 46. Re7 Ra1 47. Rxe5 Rh1 48. Rh5 Re1 49. Re5 Rh1 1/2-1/2

[Event "Helsingor Xtracon op"]
[Site "Helsingor"]
[Date "2019.07.20"]
[Round "1"]
[White "Hyldkrog, Lars"]
[Black "Tari, Aryan"]
[Result "0-1"]
[WhiteElo "1932"]
[BlackElo "2620"]
[PlyCount "62"]
[EventDate "2019.07.20"]
[EventType "swiss"]
[EventRounds "10"]
[EventCountry "DEN"]
[SourceTitle "CBM 191 Extra"]
[Source "ChessBase"]
[SourceDate "2019.09.30"]
[SourceVersion "1"]
[SourceVersionDate "2019.09.30"]
[SourceQuality "1"]

1. e4 e5 2. Nf3 Nc6 3. d4 exd4 4. Bc4 Nf6 5. e5 d5 6. Bb5 Ne4 7. Nxd4 Bd7 8. Nxc6 bxc6 9. Bd3 Qh4 10. Be3 Bc5 11. Bxc5 Nxc5 12. 0-0 0-0 13. Nd2 Qd4 14. Nf3 Qxb2 15. Bxh7+ Kxh7 16. Ng5+ Kg8 17. f4 Ne6 18. Rf3 Qd4+ 19. Qxd4 Nxd4 20. Rf2 f6 21. exf6 gxf6 22. Nf3 Nxf3+ 23. Rxf3 Rfe8 24. f5 Kf7 25. g4 Rab8 26. h4 Rb4 27. Rg3 Ree4 28. g5 fxg5 29. hxg5 Bxf5 30. Rf1 Kg6 31. Rgf3 Rg4+ 0-1

[Event "Helsingor Xtracon op"]
[Site "Helsingor"]
[Date "2018.07.28"]
[Round "9"]
[White "Hyldkrog, Lars"]
[Black "Dahl, Max"]
[Result "1/2-1/2"]
[WhiteElo "1961"]
[BlackElo "1848"]
[PlyCount "51"]
[EventDate "2018.07.21"]
[EventType "swiss"]
[EventRounds "10"]
[EventCountry "DEN"]
[SourceTitle "CBM 185 Extra"]
[Source "ChessBase"]
[SourceDate "2018.07.29"]
[SourceVersion "1"]
[SourceVersionDate "2018.07.29"]
[SourceQuality "1"]

1. e4 c6 2. d4 d5 3. e5 Bf5 4. Nf3 e6 5. Be2 c5 6. 0-0 Nc6 7. c3 Rc8 8. Nbd2 f6 9. exf6 Qxf6 10. dxc5 Bxc5 11. Nb3 Bb6 12. Bb5 Bg4 13. Be2 Nge7 14. Nfd4 Bxe2 15. Qxe2 Nxd4 16. Nxd4 Bxd4 17. cxd4 0-0 18. Be3 a6 19. Rac1 Nf5 20. Rfd1 Qf7 21. Rxc8 Rxc8 22. Bf4 Rc6 23. Be5 Qd7 24. h3 Ne7 25. Rd3 Ng6 26. Rc3 1/2-1/2

[Event "Helsingor Xtracon op"]
[Site "Helsingor"]
[Date "2018.07.23"]
[Round "4"]
[White "Hyldkrog, Lars"]
[Black "Hald Falkesgaard, Jeppe"]
[Result "1-0"]
[WhiteElo "1961"]
[BlackElo "1731"]
[PlyCount "59"]
[EventDate "2018.07.21"]
[EventType "swiss"]
[EventRounds "10"]
[EventCountry "DEN"]
[SourceTitle "CBM 185 Extra"]
[Source "ChessBase"]
[SourceDate "2018.07.29"]
[SourceVersion "1"]
[SourceVersionDate "2018.07.29"]
[SourceQuality "1"]

1. e4 e6 2. d4 d5 3. Nd2 Nf6 4. e5 Nfd7 5. c3 c5 6. Bd3 Nc6 7. Ne2 Be7 8. 0-0 cxd4 9. cxd4 0-0 10. Nf3 Nb6 11. a3 Na5 12. b3 Bd7 13. Bd2 Nc6 14. Qb1 h6 15. Rc1 Rc8 16. Rc3 Rc7 17. Qc1 g5 18. h4 g4 19. Nh2 h5 20. Bh6 Re8 21. Ng3 Bxh4 22. Nxh5 f5 23. exf6 Bxf6 24. Nxg4 Bxd4 25. Bg5 Qc8 26. Bf6 e5 27. Qg5+ Kf7 28. Qg6+ Ke6 29. Bxe5+ Ke7 30. Qf6# 1-0